000 00975cam a22003138i 4500
001 18571249
003 PILC
005 20160309160055.0
008 150410s2016 mau 000 0 eng
010 _a 2015013102
020 _a9781138819979 (pbk.)
040 _aDLC
_beng
_cDLC
_erda
042 _apcc
050 0 0 _aPN 1991.75
_b.M34 2016
082 0 0 _a791.4402/32
100 1 _aMcLeish, Robert.
245 1 0 _aRadio production /
_cby Robert McLeish and Jeff Link.
250 _a6th edition.
260 _aNY :
_bFocal Press,
_c24 cm.
263 _a1111
300 _axvi, 418 pages :
_billustrations ;
_c23 cm.
500 _aIncludes glossary and index.
650 0 _aRadio
_xProduction and direction.
650 0 _aRadio plays
_xProduction and direction.
700 1 _aLink, Jeff,
_d1946-
906 _a0
_bvip
_corignew
_d1
_eecip
_f20
_gy-gencatlg
942 _2lcc
_cBK
999 _c291504
_d291504